|
|
|
|
| LEADER |
00839nam a2200169Ia 4500 |
| 008 |
121027s9999 xx 000 0 eng d |
| 020 |
|
|
|a 8178817683
|
| 082 |
|
|
|a 658.403
|b ROO/I
|
| 100 |
|
|
|a Roos, Goran, Ed.
|
| 245 |
|
|
|a Intellectual capital and knowledge management /
|
| 260 |
|
|
|a Hyderabad:
|b ICFAI Books,
|c 2005.
|
| 300 |
|
|
|a 149p
|
| 505 |
|
|
|a 1 An epistemology perspective on intllectual capital 2 Epistemological cultures and knowledge transfer within and between organizations 3 Measuring and decision support in the knowledge society 4 Measuring the impact of knowlege managewment in cam
|
| 653 |
|
|
|a Intellectual capital 2.Knowledge management
|
| 700 |
|
|
|a Jutur, Sharath, Ed.
|
| 999 |
|
|
|c 57019
|d 57019
|
| 952 |
|
|
|0 0
|1 0
|4 0
|6 658_403000000000000_ROO_I
|7 0
|9 56997
|a UL
|b UL
|c ST1
|d 2012-10-27
|l 0
|o 658.403 ROO/I
|p 82271
|r 2012-10-27
|w 2012-10-27
|y BK
|